|
|
|
|
| LEADER |
00000nam2a2200000 4500 |
| 001 |
117930 |
| 005 |
20231031123952.0 |
| 035 |
|
|
|a (RuTPU)RU\TPU\book\127641
|
| 090 |
|
|
|a 117930
|
| 100 |
|
|
|a 20070606d1960 m y0rusy50 ca
|
| 101 |
0 |
|
|a rus
|
| 102 |
|
|
|a RU
|
| 105 |
|
|
|a a z 001zy
|
| 200 |
0 |
|
|a Вып. 8
|
| 210 |
|
|
|d 1960
|
| 215 |
|
|
|a 22 с., 52 л. илл.
|c ил.
|
| 320 |
|
|
|a Список репродукций в конце книги.
|
| 333 |
|
|
|a Исключено из фонда НТБ ТПУ
|
| 461 |
|
1 |
|0 (RuTPU)RU\TPU\book\146550
|t Русская живопись в музеях РСФСР
|o [альбом репродукций]
|f сост. П. Н. Рябинкин
|v Вып. 8
|d 1955-
|s Художественные сокровища СССР
|
| 702 |
|
1 |
|a Савинов
|b А. Н.
|g Алексей Николаевич
|4 220
|
| 801 |
|
1 |
|a RU
|b 63413507
|c 20070606
|g PSBO
|
| 801 |
|
2 |
|a RU
|b 63413507
|c 20201124
|g PSBO
|
| 942 |
|
|
|c BK
|